<?xml version="1.0" encoding="UTF-8"?><?xml-stylesheet type="text/xsl" href="static/style.xsl"?><OAI-PMH xmlns="http://www.openarchives.org/OAI/2.0/" xmlns:xsi="http://www.w3.org/2001/XMLSchema-instance" xsi:schemaLocation="http://www.openarchives.org/OAI/2.0/ http://www.openarchives.org/OAI/2.0/OAI-PMH.xsd"><responseDate>2026-04-14T02:55:56Z</responseDate><request verb="GetRecord" identifier="oai:www.recercat.cat:10230/42403" metadataPrefix="marc">https://recercat.cat/oai/request</request><GetRecord><record><header><identifier>oai:recercat.cat:10230/42403</identifier><datestamp>2025-12-13T20:50:57Z</datestamp><setSpec>com_2072_6</setSpec><setSpec>col_2072_452954</setSpec></header><metadata><record xmlns="http://www.loc.gov/MARC21/slim" xmlns:dcterms="http://purl.org/dc/terms/" xmlns:xsi="http://www.w3.org/2001/XMLSchema-instance" xmlns:doc="http://www.lyncode.com/xoai" xsi:schemaLocation="http://www.loc.gov/MARC21/slim http://www.loc.gov/standards/marcxml/schema/MARC21slim.xsd">
   <leader>00925njm 22002777a 4500</leader>
   <datafield ind2=" " ind1=" " tag="042">
      <subfield code="a">dc</subfield>
   </datafield>
   <datafield ind2=" " ind1=" " tag="720">
      <subfield code="a">Pérez Serra, Raquel</subfield>
      <subfield code="e">author</subfield>
   </datafield>
   <datafield ind2=" " ind1=" " tag="260">
      <subfield code="c">2019-10-08T10:44:22Z</subfield>
   </datafield>
   <datafield ind2=" " ind1=" " tag="260">
      <subfield code="c">2019-10-08T10:44:22Z</subfield>
   </datafield>
   <datafield ind2=" " ind1=" " tag="260">
      <subfield code="c">2019</subfield>
   </datafield>
   <datafield ind2=" " ind1=" " tag="520">
      <subfield code="a">Tutor: Laia Albó</subfield>
   </datafield>
   <datafield ind2=" " ind1=" " tag="520">
      <subfield code="a">En aquest treball s’ha dissenyat i desplegat un sistema gestor de clients basat en&#xd;
web que permet administrar una base de dades de voluntariat dins del programa&#xd;
Code Club Catalunya. L’objectiu és facilitar el registre automatitzat de persones&#xd;
voluntàries a l’organització i agilitzar la seva gestió, fins ara manual. CodeClub&#xd;
Catalunya és un projecte que pretén apropar la programació als infants oferint&#xd;
tallers gestionats per voluntariat en hores extra-escolars. Els Code Clubs es rea-&#xd;
litzen en diferents espais ( escoles, biblioteques, ...) i involucren diferents actors&#xd;
(voluntariat, gestors dels espais, ...). Així doncs, el que aporta aquest treball és&#xd;
una adaptació del gestor de codi obert CiviCRM a les necessitats del projecte Co-&#xd;
de Club, permetent gestionar els diferents perfils d’usuaris així com facilitant els&#xd;
processos de registre per a participar en el projecte ( entrega documents, gestió de&#xd;
correus electrònics. ..). Per tal d’arribar a la solució de disseny final, s’ha seguit&#xd;
una estructura cíclica, amb dues iteracions d’avaluació amb usuaris finals.</subfield>
   </datafield>
   <datafield ind2=" " ind1=" " tag="520">
      <subfield code="a">A web-based customer management system has been designed and deployed for&#xd;
the Code Club Catalunya to streamline their management of volunteers. The Code&#xd;
&#xd;
Club Catalunya project offers after-school workshops for children. The volunteer-&#xd;
managed workshops are held in a variety of spaces including schools and libraries,&#xd;
&#xd;
and involve multiple actors such as volunteers and managers of the spaces. The&#xd;
&#xd;
deployed customer management system, an adaptation of the open source Civi-&#xd;
CRM manager, streamlines the management of actors involved in the project. The&#xd;
&#xd;
system supports the management of actors by profile and improves the volun-&#xd;
teer registration process (delivery documents, management of emails). A cyclical&#xd;
&#xd;
structure comprising two evaluation iterations with final users was used to achieve&#xd;
the final design of the solution.</subfield>
   </datafield>
   <datafield tag="653" ind2=" " ind1=" ">
      <subfield code="a">Biblioteques -- Automatització</subfield>
   </datafield>
   <datafield tag="653" ind2=" " ind1=" ">
      <subfield code="a">Gestio de dades--Automatització</subfield>
   </datafield>
   <datafield ind2="0" ind1="0" tag="245">
      <subfield code="a">Disseny i desplegament d’un sistema CiviCRM aplicat a la gestió de voluntariat dins del projecte Code Club Catalunya</subfield>
   </datafield>
</record></metadata></record></GetRecord></OAI-PMH>